书目信息 |
| 题名: |
低碳供应链管理
|
|
| 作者: | 杨红娟 著 | |
| 分册: | ||
| 出版信息: | 北京 科学出版社 2013 |
|
| 页数: | 200页 | |
| 开本: | 24cm | |
| 丛书名: | ||
| 单 册: | ||
| 中图分类: | F252.1 | |
| 科图分类: | ||
| 主题词: | 供应链管理--节能--研究 , 供应链管理 , 节能 | |
| 电子资源: | ||
| ISBN: | 978-7-03-039053-0 | |
| 000 | 00842nam0 2200253 450 | |
| 001 | 523 | |
| 005 | 20140908164952.78 | |
| 010 | @a978-7-03-039053-0@dCNY62.00 | |
| 100 | @a20140128d2013 em y0chiy50 ea | |
| 101 | 0 | @achi |
| 102 | @aCN@b110000 | |
| 105 | @ay z 000yy | |
| 106 | @ar | |
| 200 | 1 | @a低碳供应链管理@ADi Tan Gong Ying Lian Guan Li@f杨红娟著@FYang Hong Juan Zhu |
| 210 | @a北京@c科学出版社@d2013 | |
| 215 | @a200页@d24cm | |
| 330 | @a本书共13章。内容包括:低碳供应链管理的提出、低碳供应链管理体系、低碳供应链成员间协同管理、低碳供应链信用风险控制措施、低碳供应链碳排放评价体系研究等。 | |
| 606 | 0 | @a供应链管理@x节能@x研究 |
| 606 | 0 | @a供应链管理 |
| 606 | 0 | @a节能 |
| 690 | @aF252.1@v5 | |
| 701 | 0 | @a杨红娟@AYang Hong Juan@c(女,@f1966~)@4著 |
| 801 | 0 | @aCN@bTANGWEI@c20140603 |
| 905 | @b0838681-83@dF252.1@e197@f3 | |
| 低碳供应链管理/杨红娟著.-北京:科学出版社,2013 |
| 200页;24cm |
| ISBN 978-7-03-039053-0:CNY62.00 |
| 本书共13章。内容包括:低碳供应链管理的提出、低碳供应链管理体系、低碳供应链成员间协同管理、低碳供应链信用风险控制措施、低碳供应链碳排放评价体系研究等。 |
| ● |
| 相关链接 |
|
|
|
|
正题名:低碳供应链管理
索取号:F252.1/197
 
预约/预借
| 序号 | 登录号 | 条形码 | 馆藏地/架位号 | 状态 | 备注 |
| 1 | 0838681 | 208386815 | 第一样本阅览室/ [索取号:F252.1/197] | 在馆 | |
| 2 | 0838682 | 208386824 | 第一借阅区/ [索取号:F252.1/197] | 在馆 | |
| 3 | 0838683 | 208386833 | 密集书库-海洋学院/ [索取号:F252.1/197] | 在馆 |